Star Trek. (Record no. 354580)
[ view plain ]
| 000 -LEADER | |
|---|---|
| fixed length control field | 03600cgm a2200805 i 4500 |
| 001 - CONTROL NUMBER | |
| control field | on1183038327 |
| 003 - CONTROL NUMBER IDENTIFIER | |
| control field | OCoLC |
| 005 - DATE AND TIME OF LATEST TRANSACTION | |
| control field | 20201014153816.0 |
| 007 - PHYSICAL DESCRIPTION FIXED FIELD--GENERAL INFORMATION | |
| fixed length control field | vd cvaizq |
| 008 - FIXED-LENGTH DATA ELEMENTS--GENERAL INFORMATION | |
| fixed length control field | 200810p20202020cau488 vleng d |
| 040 ## - CATALOGING SOURCE | |
| Original cataloging agency | TEFMT |
| Language of cataloging | eng |
| Description conventions | rda |
| Transcribing agency | TEFMT |
| Modifying agency | TEF |
| -- | TEFMT |
| -- | GK8 |
| -- | OCLCF |
| -- | IZ8 |
| -- | RB0 |
| -- | UINTA |
| 024 1# - OTHER STANDARD IDENTIFIER | |
| Standard number or code | 032429343024 |
| 024 10 - OTHER STANDARD IDENTIFIER | |
| Standard number or code | 032429343000 |
| 028 42 - PUBLISHER NUMBER | |
| Publisher number | 59212623000 |
| Source | CBS |
| 028 42 - PUBLISHER NUMBER | |
| Publisher number | 59212621000 |
| Source | Paramount |
| 035 ## - SYSTEM CONTROL NUMBER | |
| System control number | (OCoLC)1183038327 |
| 037 ## - SOURCE OF ACQUISITION | |
| Source of stock number/acquisition | Midwest Tape |
| Note | http://www.midwesttapes.com |
| 041 1# - LANGUAGE CODE | |
| Language code of text/sound track or separate title | eng |
| -- | eng |
| Language code of original and/or intermediate translations of text | eng |
| 050 #4 - LIBRARY OF CONGRESS CALL NUMBER | |
| Classification number | PN1992.77 |
| Item number | .S83 2020 |
| 082 04 - DEWEY DECIMAL CLASSIFICATION NUMBER | |
| Classification number | 791.45/75 |
| Edition number | 23 |
| 049 ## - LOCAL HOLDINGS (OCLC) | |
| Holding library | UCLB |
| 130 0# - MAIN ENTRY--UNIFORM TITLE | |
| Uniform title | Star trek: Picard (Television program). |
| Number of part/section of a work | Season 1. |
| 9 (RLIN) | 6379543 |
| 245 10 - TITLE STATEMENT | |
| Title | Star Trek. |
| Name of part/section of a work | Picard. |
| Number of part/section of a work | Season one / |
| Statement of responsibility, etc | created by Akiva Goldsman & Michael Chabon & Kirsten Beyer & Alex Kurtzman. |
| 246 30 - VARYING FORM OF TITLE | |
| Title proper/short title | Picard |
| 246 3# - VARYING FORM OF TITLE | |
| Title proper/short title | Star Trek. |
| Name of part/section of a work | Picard. |
| Number of part/section of a work | Season 1 |
| 246 3# - VARYING FORM OF TITLE | |
| Title proper/short title | Star Trek. |
| Name of part/section of a work | Picard. |
| Number of part/section of a work | First season |
| 246 3# - VARYING FORM OF TITLE | |
| Title proper/short title | Star Trek. |
| Name of part/section of a work | Picard. |
| Number of part/section of a work | 1st season |
| 264 #1 - Production, Publication, Distribution, Manufacture, and Copyright Notice. | |
| Place of production, publication, distribution, manufacture | Los Angeles, CA : |
| Name of producer, publisher, distributor, manufacturer | Paramount, |
| Date of production, publication, distribution, manufacture, or copyr | [2020] |
| 264 #4 - Production, Publication, Distribution, Manufacture, and Copyright Notice. | |
| Date of production, publication, distribution, manufacture, or copyr | �2020 |
| 300 ## - PHYSICAL DESCRIPTION | |
| Extent | 3 videodiscs (488 min.) : |
| Other physical details | sound, color ; |
| Dimensions | 4 3/4 in. |
| 336 ## - Content Type | |
| Content type term | two-dimensional moving image |
| 337 ## - Media type | |
| Media type term | video |
| 338 ## - Carrier type | |
| Carrier type term | videodisc |
| 344 ## - | |
| -- | digital |
| -- | rdatr |
| 344 ## - | |
| -- | optical |
| -- | rdarm |
| 344 ## - | |
| -- | surround |
| -- | stereo |
| -- | rdacpc |
| 344 ## - | |
| -- | 5.1 Dolby digital |
| -- | Dolby digital 2.0 |
| 347 ## - | |
| -- | video file |
| -- | rdaft |
| 347 ## - | |
| -- | DVD video |
| 380 ## - | |
| -- | Motion pictures |
| -- | lcgft |
| 538 ## - SYSTEM DETAILS NOTE | |
| System details note | DVD, wide screen; 5.1 surround, stereo. |
| 546 ## - LANGUAGE NOTE | |
| Language note | Subtitled for the deaf and hard of hearing (SDH). |
| 500 ## - GENERAL NOTE | |
| General note | Title from container. |
| 511 1# - PARTICIPANT OR PERFORMER NOTE | |
| Participant or performer note | Patrick Stewart, Isa Briones, Santiago Cabrera, Alison Pill, Michelle Hurd, Evan Evagora, Harry Treadaway, Jeri Ryan, Jonathan Del Arco. |
| 500 ## - GENERAL NOTE | |
| General note | Originally broadcast as single episodes of a television program in 2020. |
| 500 ## - GENERAL NOTE | |
| General note | Wide screen. |
| 521 8# - TARGET AUDIENCE NOTE | |
| Target audience note | Rating: TV-14. |
| 520 ## - SUMMARY, ETC. | |
| Summary, etc | After the destruction of the Planet Romulus, follow Picard as he tracks down a series of mysteries about his past. Picard sets out on a new adventure against a legion of dangerous foes, with the help of a few returning characters: Data, Riker, and Seven of Nine, and a whole new crew. |
| 500 ## - GENERAL NOTE | |
| General note | Special features: Story logs; commentaries; featurettes; gag reel. |
| 600 10 - SUBJECT ADDED ENTRY--PERSONAL NAME | |
| Personal name | Picard, Jean-Luc |
| Titles and other words associated with a name | (Fictitious character), |
| Dates associated with a name | 2305-2399 |
| Form subdivision | Drama. |
| 9 (RLIN) | 6379544 |
| 650 #0 - SUBJECT ADDED ENTRY--TOPICAL TERM | |
| Topical term or geographic name as entry element | Interplanetary voyages |
| Form subdivision | Drama. |
| 9 (RLIN) | 5685815 |
| 650 #7 - SUBJECT ADDED ENTRY--TOPICAL TERM | |
| Topical term or geographic name as entry element | Interplanetary voyages. |
| Source of heading or term | fast |
| -- | (OCoLC)fst00977455 |
| 9 (RLIN) | 6379545 |
| 655 #7 - INDEX TERM--GENRE/FORM | |
| Genre/form data or focus term | Drama. |
| Source of term | fast |
| -- | (OCoLC)fst01423879 |
| 9 (RLIN) | 6379546 |
| 655 #7 - INDEX TERM--GENRE/FORM | |
| Genre/form data or focus term | Science fiction television programs. |
| Source of term | fast |
| -- | (OCoLC)fst01710394 |
| 9 (RLIN) | 6379547 |
| 655 #7 - INDEX TERM--GENRE/FORM | |
| Genre/form data or focus term | Video recordings for the hearing impaired. |
| Source of term | fast |
| -- | (OCoLC)fst01710450 |
| 9 (RLIN) | 6379548 |
| 655 #7 - INDEX TERM--GENRE/FORM | |
| Genre/form data or focus term | Science fiction television programs. |
| Source of term | lcgft |
| 9 (RLIN) | 6379547 |
| 655 #7 - INDEX TERM--GENRE/FORM | |
| Genre/form data or focus term | Video recordings for the hearing impaired. |
| Source of term | lcgft |
| 9 (RLIN) | 6379548 |
| 700 1# - ADDED ENTRY--PERSONAL NAME | |
| Personal name | Goldsman, Akiva, |
| Relator term | creator. |
| 9 (RLIN) | 47446 |
| 700 1# - ADDED ENTRY--PERSONAL NAME | |
| Personal name | Chabon, Michael, |
| Relator term | creator. |
| 9 (RLIN) | 6379549 |
| 700 1# - ADDED ENTRY--PERSONAL NAME | |
| Personal name | Beyer, Kirsten, |
| Relator term | creator. |
| 9 (RLIN) | 5750883 |
| 700 1# - ADDED ENTRY--PERSONAL NAME | |
| Personal name | Kurtzman, Alex, |
| Relator term | creator. |
| 9 (RLIN) | 55554 |
| 700 1# - ADDED ENTRY--PERSONAL NAME | |
| Personal name | Stewart, Patrick, |
| Dates associated with a name | 1940- |
| Relator term | actor. |
| 9 (RLIN) | 20637 |
| 700 1# - ADDED ENTRY--PERSONAL NAME | |
| Personal name | Briones, Isa, |
| Dates associated with a name | 1999- |
| Relator term | actor. |
| 9 (RLIN) | 6379550 |
| 700 1# - ADDED ENTRY--PERSONAL NAME | |
| Personal name | Cabrera, Santiago, |
| Relator term | actor. |
| 9 (RLIN) | 72785 |
| 700 1# - ADDED ENTRY--PERSONAL NAME | |
| Personal name | Pill, Alison, |
| Dates associated with a name | 1985- |
| Relator term | actor. |
| 9 (RLIN) | 68174 |
| 700 1# - ADDED ENTRY--PERSONAL NAME | |
| Personal name | Treadaway, Harry, |
| Dates associated with a name | 1984- |
| Relator term | actor. |
| 9 (RLIN) | 5878408 |
| 700 1# - ADDED ENTRY--PERSONAL NAME | |
| Personal name | Hurd, Michelle, |
| Relator term | actor. |
| 9 (RLIN) | 6379551 |
| 710 2# - ADDED ENTRY--CORPORATE NAME | |
| Corporate name or jurisdiction name as entry element | Paramount Home Entertainment (Firm), |
| Relator term | publishr. |
| 9 (RLIN) | 72161 |
| 994 ## - | |
| -- | C0 |
| -- | UINTA |
| Withdrawn status | Lost status | Source of classification or shelving scheme | Materials specified (bound volume or other part) | Damaged status | Not for loan | Collection code | Home library | Current library | Shelving location | Date acquired | Source of acquisition | Serial Enumeration / chronology | Total Checkouts | Total Renewals | Full call number | Barcode | Date last seen | Date checked out | Cost, replacement price | Price effective from | Koha item type |
|---|---|---|---|---|---|---|---|---|---|---|---|---|---|---|---|---|---|---|---|---|---|
| Dewey Decimal Classification | 3 discs | Television Series | Wasatch County Library | Wasatch County Library | Audio Visual Area | 10/29/2020 | Micromarketing | Season 1 | 26 | 30 | TV Series Star Trek1 | 34301001701269 | 01/14/2026 | 01/02/2026 | 31.99 | 10/29/2020 | DVD Series |
